<?xml version="1.0" encoding="UTF-8"?>
<record
    xmlns:xsi="http://www.w3.org/2001/XMLSchema-instance"
    xsi:schemaLocation="http://www.loc.gov/MARC21/slim http://www.loc.gov/standards/marcxml/schema/MARC21slim.xsd"
    xmlns="http://www.loc.gov/MARC21/slim">

  <leader>02932cam a2200469 i 4500</leader>
  <controlfield tag="003">SA-RiAUC</controlfield>
  <controlfield tag="005">20250901083743.0</controlfield>
  <controlfield tag="008">250831s2010    le     g      000 0dara c</controlfield>
  <datafield tag="020" ind1=" " ind2=" ">
    <subfield code="a">185516552X</subfield>
  </datafield>
  <datafield tag="020" ind1=" " ind2=" ">
    <subfield code="a">9781855165526</subfield>
  </datafield>
  <datafield tag="020" ind1=" " ind2=" ">
    <subfield code="a">9781855165526</subfield>
  </datafield>
  <datafield tag="024" ind1="0" ind2=" ">
    <subfield code="a">00000000808402</subfield>
  </datafield>
  <datafield tag="035" ind1=" " ind2=" ">
    <subfield code="a">(Sirsi) a422691</subfield>
  </datafield>
  <datafield tag="035" ind1=" " ind2=" ">
    <subfield code="a">829341587</subfield>
  </datafield>
  <datafield tag="040" ind1=" " ind2=" ">
    <subfield code="a">TN-TuLPG</subfield>
    <subfield code="b">ara</subfield>
    <subfield code="c">SA-RiAUC</subfield>
    <subfield code="d">AE-DuMBRL</subfield>
    <subfield code="e">rda</subfield>
  </datafield>
  <datafield tag="041" ind1="1" ind2=" ">
    <subfield code="a">ara</subfield>
    <subfield code="h">fre</subfield>
  </datafield>
  <datafield tag="043" ind1=" " ind2=" ">
    <subfield code="a">a-su---</subfield>
  </datafield>
  <datafield tag="050" ind1=" " ind2="4">
    <subfield code="b">.H36125 2010</subfield>
  </datafield>
  <datafield tag="082" ind1="0" ind2="4">
    <subfield code="a">915.31204</subfield>
    <subfield code="q">SA-RiAUC</subfield>
  </datafield>
  <datafield tag="090" ind1=" " ind2=" ">
    <subfield code="a">915.31204 </subfield>
    <subfield code="b">&#x62D; &#x645; &#x648;</subfield>
  </datafield>
  <datafield tag="100" ind1="1" ind2=" ">
    <subfield code="a">&#x62D;&#x645;&#x648;&#x62F;&#x64A;&#x60C; &#x639;&#x628;&#x62F; &#x627;&#x644;&#x644;&#x647;&#x60C;</subfield>
    <subfield code="d">1945-</subfield>
    <subfield code="e">&#x645;&#x624;&#x644;&#x641;.</subfield>
  </datafield>
  <datafield tag="240" ind1="1" ind2="4">
    <subfield code="a">Une saison &#xE0; La Mecque : r&#xE9;cit de p&#xE8;lerinage.</subfield>
    <subfield code="l">Arabic</subfield>
  </datafield>
  <datafield tag="245" ind1="1" ind2="0">
    <subfield code="a">&#x62D;&#x643;&#x627;&#x64A;&#x629; &#x62D;&#x62C; :</subfield>
    <subfield code="b">&#x645;&#x648;&#x633;&#x645; &#x641;&#x64A; &#x645;&#x643;&#x629; /</subfield>
    <subfield code="c">&#x639;&#x628;&#x62F; &#x627;&#x644;&#x644;&#x647; &#x62D;&#x645;&#x648;&#x62F;&#x64A; &#x61B; &#x62A;&#x631;&#x62C;&#x645;&#x629; &#x639;&#x628;&#x62F; &#x627;&#x644;&#x643;&#x628;&#x64A;&#x631; &#x627;&#x644;&#x634;&#x631;&#x642;&#x627;&#x648;&#x64A;.</subfield>
  </datafield>
  <datafield tag="250" ind1=" " ind2=" ">
    <subfield code="a">&#x627;&#x644;&#x637;&#x628;&#x639;&#x629; &#x627;&#x644;&#x623;&#x648;&#x644;&#x649;.</subfield>
  </datafield>
  <datafield tag="264" ind1=" " ind2="1">
    <subfield code="a">&#x628;&#x64A;&#x631;&#x648;&#x62A; :</subfield>
    <subfield code="b">&#x62F;&#x627;&#x631; &#x627;&#x644;&#x633;&#x627;&#x642;&#x64A;&#x60C;</subfield>
    <subfield code="c">2010.</subfield>
  </datafield>
  <datafield tag="300" ind1=" " ind2=" ">
    <subfield code="a">1 &#x645;&#x62C;&#x644;&#x62F; (263 &#x635;&#x641;&#x62D;&#x629;) &#x61B;</subfield>
    <subfield code="c">24 &#xD7; 17 &#x633;&#x645;</subfield>
  </datafield>
  <datafield tag="336" ind1=" " ind2=" ">
    <subfield code="a">&#x646;&#x635;</subfield>
    <subfield code="b">txt</subfield>
    <subfield code="2">rdacontent</subfield>
    <subfield code="3">&#x643;&#x62A;&#x627;&#x628;</subfield>
  </datafield>
  <datafield tag="337" ind1=" " ind2=" ">
    <subfield code="a">&#x628;&#x62F;&#x648;&#x646; &#x648;&#x633;&#x64A;&#x637;</subfield>
    <subfield code="b">n</subfield>
    <subfield code="2">rdamedia</subfield>
  </datafield>
  <datafield tag="338" ind1=" " ind2=" ">
    <subfield code="a">&#x645;&#x62C;&#x644;&#x62F;</subfield>
    <subfield code="b">nc</subfield>
    <subfield code="2">rdacarrier</subfield>
  </datafield>
  <datafield tag="500" ind1=" " ind2=" ">
    <subfield code="a">&#x62A;&#x635;&#x645;&#x64A;&#x645; &#x627;&#x644;&#x63A;&#x644;&#x627;&#x641; : &#x645;&#x627;&#x631;&#x64A;&#x627; &#x634;&#x639;&#x64A;&#x628; &#x61B; &#x62E;&#x637;&#x648;&#x637; &#x627;&#x644;&#x639;&#x646;&#x627;&#x648;&#x64A;&#x646; : &#x639;&#x644;&#x64A; &#x639;&#x627;&#x635;&#x64A;.</subfield>
  </datafield>
  <datafield tag="500" ind1=" " ind2=" ">
    <subfield code="a">&#x63A;&#x644;&#x627;&#x641; &#x645;&#x635;&#x648;&#x631;.</subfield>
  </datafield>
  <datafield tag="520" ind1=" " ind2=" ">
    <subfield code="a">&#x64A;&#x631;&#x648;&#x64A; &#x639;&#x628;&#x62F; &#x627;&#x644;&#x644;&#x647; &#x62D;&#x645;&#x648;&#x62F;&#x64A; &#x641;&#x64A; &#x642;&#x635;&#x629; &#x645;&#x624;&#x62B;&#x631;&#x629; &#x631;&#x62D;&#x644;&#x629; &#x62D;&#x62C; &#x625;&#x644;&#x649; &#x645;&#x643;&#x629; &#x642;&#x627;&#x645; &#x628;&#x647;&#x627; &#x639;&#x627;&#x645; 1999 &#x62E;&#x637;&#x648;&#x629; &#x628;&#x62E;&#x637;&#x648;&#x629; &#x64A;&#x62F;&#x62E;&#x644; &#x627;&#x644;&#x642;&#x627;&#x631;&#x626; &#x628;&#x62F;&#x648;&#x631;&#x647; &#x625;&#x644;&#x649; &#x627;&#x644;&#x623;&#x645;&#x627;&#x643;&#x646; &#x627;&#x644;&#x645;&#x642;&#x62F;&#x633;&#x629; &#x62C;&#x62F;&#x629; &#x648;&#x627;&#x644;&#x645;&#x62F;&#x64A;&#x646;&#x629; &#x648;&#x645;&#x643;&#x629; &#x648;&#x635;&#x641;&#x627;&#x621; &#x648;&#x645;&#x631;&#x648;&#x649; &#x648;&#x639;&#x631;&#x641;&#x629; &#x62D;&#x64A;&#x62B; &#x627;&#x644;&#x637;&#x642;&#x648;&#x633; &#x645;&#x646; &#x627;&#x644;&#x637;&#x648;&#x627;&#x641; &#x62D;&#x648;&#x644; &#x627;&#x644;&#x643;&#x639;&#x628;&#x629; &#x648;&#x627;&#x644;&#x62A;&#x623;&#x645;&#x644; &#x648;&#x627;&#x644;&#x635;&#x644;&#x627;&#x629; &#x641;&#x64A; &#x639;&#x631;&#x641;&#x629; &#x625;&#x644;&#x649; &#x627;&#x644;&#x631;&#x62C;&#x645; &#x62A;&#x642;&#x648;&#x62F;&#x647; &#x639;&#x64A;&#x646; &#x627;&#x644;&#x62D;&#x627;&#x62C; &#x648;&#x627;&#x644;&#x623;&#x646;&#x62B;&#x631;&#x648;&#x628;&#x648;&#x644;&#x648;&#x62C;&#x64A; &#x641;&#x64A; &#x622;&#x646; &#x648;&#x627;&#x62D;&#x62F; &#x642;&#x628;&#x644; &#x627;&#x644;&#x648;&#x635;&#x648;&#x644; &#x625;&#x644;&#x649; &#x627;&#x644;&#x645;&#x645;&#x644;&#x643;&#x629; &#x627;&#x644;&#x639;&#x631;&#x628;&#x64A;&#x629; &#x627;&#x644;&#x633;&#x639;&#x648;&#x62F;&#x64A;&#x629; &#x648;&#x641;&#x64A; &#x625;&#x637;&#x627;&#x631; &#x627;&#x644;&#x62A;&#x62D;&#x636;&#x64A;&#x631; &#x64A;&#x62A;&#x634;&#x643;&#x644; &#x627;&#x644;&#x628;&#x639;&#x62F; &#x627;&#x644;&#x627;&#x642;&#x62A;&#x635;&#x627;&#x62F;&#x64A; &#x644;&#x647;&#x630;&#x647; &#x627;&#x644;&#x645;&#x63A;&#x627;&#x645;&#x631;&#x629; &#x64A;&#x642;&#x639; &#x627;&#x644;&#x625;&#x64A;&#x645;&#x627;&#x646; &#x646;&#x641;&#x633;&#x647; &#x641;&#x64A; &#x62A;&#x64A;&#x627;&#x631;&#x627;&#x62A; &#x627;&#x644;&#x62A;&#x62C;&#x627;&#x631;&#x629; &#x648;&#x645;&#x646; &#x62E;&#x644;&#x627;&#x644; &#x634;&#x647;&#x627;&#x62F;&#x62A;&#x647; &#x647;&#x630;&#x647; &#x64A;&#x642;&#x62A;&#x631;&#x62D; &#x639;&#x628;&#x62F; &#x627;&#x644;&#x644;&#x647; &#x62D;&#x645;&#x648;&#x62F;&#x64A; &#x62A;&#x635;&#x648;&#x631;&#x627; &#x62C;&#x62F;&#x64A;&#x62F;&#x627; &#x644;&#x645;&#x639;&#x646;&#x649; &#x627;&#x644;&#x62D;&#x62C; &#x641;&#x647;&#x648; &#x644;&#x64A;&#x633; &#x645;&#x62C;&#x631;&#x62F; &#x637;&#x642;&#x648;&#x633; &#x645;&#x62A;&#x62A;&#x627;&#x628;&#x639;&#x629; &#x628;&#x644; &#x643;&#x630;&#x644;&#x643; &#x62A;&#x639;&#x644;&#x645; &#x634;&#x643;&#x644; &#x62C;&#x62F;&#x64A;&#x62F; &#x645;&#x646; &#x623;&#x634;&#x643;&#x627;&#x644; &#x627;&#x644;&#x62D;&#x64A;&#x627;&#x629; &#x627;&#x644;&#x64A;&#x648;&#x645;&#x64A;&#x629; &#x648;&#x62A;&#x631;&#x648;&#x64A;&#x636; &#x641;&#x643;&#x631;&#x629; &#x627;&#x644;&#x627;&#x62E;&#x62A;&#x644;&#x627;&#x637; &#x628;&#x627;&#x644;&#x622;&#x62E;&#x631; &#x648;&#x627;&#x633;&#x62A;&#x643;&#x634;&#x627;&#x641; &#x627;&#x644;&#x623;&#x633;&#x648;&#x627;&#x642;. </subfield>
  </datafield>
  <datafield tag="600" ind1="1" ind2="7">
    <subfield code="a">&#x62D;&#x645;&#x648;&#x62F;&#x64A;&#x60C; &#x639;&#x628;&#x62F; &#x627;&#x644;&#x644;&#x647;&#x60C;</subfield>
    <subfield code="d">1945-</subfield>
    <subfield code="x">&#x631;&#x62D;&#x644;&#x627;&#x62A;</subfield>
    <subfield code="z">&#x645;&#x643;&#x629; &#x627;&#x644;&#x645;&#x643;&#x631;&#x645;&#x629;</subfield>
    <subfield code="2">aucnm</subfield>
  </datafield>
  <datafield tag="650" ind1=" " ind2="7">
    <subfield code="a">&#x627;&#x644;&#x62D;&#x62C;</subfield>
    <subfield code="2">aucsh</subfield>
  </datafield>
  <datafield tag="651" ind1=" " ind2="7">
    <subfield code="a">&#x645;&#x643;&#x629; &#x627;&#x644;&#x645;&#x643;&#x631;&#x645;&#x629;</subfield>
    <subfield code="x">&#x648;&#x635;&#x641; &#x648;&#x631;&#x62D;&#x644;&#x627;&#x62A;</subfield>
    <subfield code="2">aucsh</subfield>
  </datafield>
  <datafield tag="651" ind1=" " ind2="7">
    <subfield code="a">&#x627;&#x644;&#x645;&#x62F;&#x64A;&#x646;&#x629; &#x627;&#x644;&#x645;&#x646;&#x648;&#x631;&#x629;</subfield>
    <subfield code="x">&#x648;&#x635;&#x641; &#x648;&#x631;&#x62D;&#x644;&#x627;&#x62A;</subfield>
    <subfield code="2">aucsh</subfield>
  </datafield>
  <datafield tag="700" ind1="1" ind2="2">
    <subfield code="i">&#x62A;&#x631;&#x62C;&#x645;&#x629; &#x644;&#x640; :</subfield>
    <subfield code="a">&#x62D;&#x645;&#x648;&#x62F;&#x64A;&#x60C; &#x639;&#x628;&#x62F; &#x627;&#x644;&#x644;&#x647;&#x60C;</subfield>
    <subfield code="d">1945-.</subfield>
    <subfield code="t">Une saison &#xE0; La Mecque : r&#xE9;cit de p&#xE8;lerinage.</subfield>
  </datafield>
  <datafield tag="700" ind1="1" ind2=" ">
    <subfield code="a">&#x627;&#x644;&#x634;&#x631;&#x642;&#x627;&#x648;&#x64A;&#x60C; &#x639;&#x628;&#x62F; &#x627;&#x644;&#x643;&#x628;&#x64A;&#x631;</subfield>
    <subfield code="e">&#x645;&#x62A;&#x631;&#x62C;&#x645;.</subfield>
  </datafield>
  <datafield tag="942" ind1=" " ind2=" ">
    <subfield code="2">ddc</subfield>
    <subfield code="c">BOOK</subfield>
    <subfield code="n">0</subfield>
  </datafield>
  <datafield tag="949" ind1=" " ind2=" ">
    <subfield code="a">SA-JeALM</subfield>
    <subfield code="d">250831</subfield>
    <subfield code="u">mohamedma123</subfield>
    <subfield code="n">1</subfield>
  </datafield>
  <datafield tag="952" ind1=" " ind2=" ">
    <subfield code="0">0</subfield>
    <subfield code="1">0</subfield>
    <subfield code="2">ddc</subfield>
    <subfield code="4">0</subfield>
    <subfield code="7">0</subfield>
    <subfield code="a">WAHAB</subfield>
    <subfield code="b">WAHAB</subfield>
    <subfield code="d">2025-09-01</subfield>
    <subfield code="l">0</subfield>
    <subfield code="o">915.31204  &#x62D; &#x645; &#x648;</subfield>
    <subfield code="p">000018364</subfield>
    <subfield code="r">2025-09-01 08:38:22</subfield>
    <subfield code="w">2025-09-01</subfield>
    <subfield code="y">BOOK</subfield>
  </datafield>
  <datafield tag="999" ind1=" " ind2=" ">
    <subfield code="c">11340</subfield>
    <subfield code="d">11340</subfield>
  </datafield>
</record>
